La Revolución por decreto: Perú durante el gobierno militar
Guardado en:
| Autor principal: | |
|---|---|
| Formato: | Texto |
| Publicado: |
San José:
FLACSO
|
| Etiquetas: |
Agregar Etiqueta
Sin Etiquetas, Sea el primero en etiquetar este registro!
|
MARC
| LEADER | 00000 a a2200000 04500 | ||
|---|---|---|---|
| 001 | 23604 | ||
| 003 | |||
| 040 | |||
| 020 | |a 9977-68-022-1 | ||
| 090 | |a 162400 | ||
| 100 | |a Kruijt, Dirk | ||
| 245 | |a La Revolución por decreto: Perú durante el gobierno militar | ||
| 260 | |a San José: |b FLACSO | ||
| 300 | |a 344 p |b **no definido** | ||
| 999 | |c 14526 |d 14526 | ||



